[Event "Sitges op 46th"]
[Site "Sitges"]
[Date "2022.07.30"]
[Round "9"]
[White "Congrains Diaz, Adrian Francisco"]
[Black "Parayre Soguero, Jordi"]
[Result "1-0"]
[WhiteElo "2025"]
[BlackElo "1784"]
[PlyCount "75"]
[EventDate "2022.07.22"]
[EventType "swiss"]
[EventRounds "9"]
[EventCountry "ESP"]
[SourceTitle "CBM 209 Extra"]
[Source "ChessBase"]
[SourceDate "2022.09.30"]
[SourceVersion "1"]
[SourceVersionDate "2022.09.30"]
[SourceQuality "1"]

1. d4 Nf6 2. c4 e6 3. Nf3 c5 4. e3 cxd4 5. exd4 d5 6. Nc3 Nc6 7. Bg5 Be7 8. Bd3 0-0 9. a3 dxc4 10. Bxc4 b6 11. 0-0 Bb7 12. Ba2 Nd5 13. Bxd5 Bxg5 14. Be4 Bf6 15. Qd3 h6 16. Rad1 Na5 17. b4 Bxe4 18. Qxe4 Nc4 19. d5 Nb2 20. Rc1 Bxc3 21. Rxc3 exd5 22. Qf5 Qd6 23. Rb1 g6 24. Qc2 Nc4 25. Rd1 b5 26. h4 Rac8 27. Qc1 Kg7 28. Nd4 a6 29. h5 Rfe8 30. hxg6 fxg6 31. Rh3 h5 32. Qg5 Re5 33. Qg3 Rce8 34. f4 h4 35. fxe5 Rxe5 36. Qxh4 Rh5 37. Qg3 Rxh3 38. Qxd6 1-0

[Event "Sitges op 46th"]
[Site "Sitges"]
[Date "2022.07.29"]
[Round "8"]
[White "Parayre Soguero, Jordi"]
[Black "Torrents Busquet, Marti"]
[Result "1-0"]
[WhiteElo "1784"]
[BlackElo "1936"]
[PlyCount "45"]
[EventDate "2022.07.22"]
[EventType "swiss"]
[EventRounds "9"]
[EventCountry "ESP"]
[SourceTitle "CBM 209 Extra"]
[Source "ChessBase"]
[SourceDate "2022.09.30"]
[SourceVersion "1"]
[SourceVersionDate "2022.09.30"]
[SourceQuality "1"]

1. d4 d6 2. Nf3 Nf6 3. c4 g6 4. Nc3 Bg7 5. e4 0-0 6. Be2 e5 7. 0-0 exd4 8. Nxd4 Re8 9. f3 c6 10. Nc2 a5 11. Be3 Be6 12. Qd2 Na6 13. Rfd1 Nb4 14. Nd4 d5 15. a3 dxe4 16. axb4 exf3 17. gxf3 axb4 18. Rxa8 Qxa8 19. Ne4 Nxe4 20. fxe4 Bh3 21. Bf3 c5 22. Nb5 Qc8 23. Nd6 1-0

[Event "Sitges op 46th"]
[Site "Sitges"]
[Date "2022.07.23"]
[Round "2"]
[White "Paredes Lagos, Anthony Javier"]
[Black "Parayre Soguero, Jordi"]
[Result "1-0"]
[WhiteElo "2160"]
[BlackElo "1784"]
[PlyCount "57"]
[EventDate "2022.07.22"]
[EventType "swiss"]
[EventRounds "9"]
[EventCountry "ESP"]
[SourceTitle "CBM 209 Extra"]
[Source "ChessBase"]
[SourceDate "2022.09.30"]
[SourceVersion "1"]
[SourceVersionDate "2022.09.30"]
[SourceQuality "1"]

1. e4 c5 2. Nf3 e6 3. d4 cxd4 4. Nxd4 a6 5. Bd3 Bc5 6. Nb3 Ba7 7. Qg4 Nf6 8. Qxg7 Rg8 9. Qh6 Bxf2+ 10. Kf1 Ba7 11. e5 Ng4 12. Qxh7 Rf8 13. Nc3 Qb6 14. Ne4 Nc6 15. c4 Ncxe5 16. c5 Qc6 17. Nd6+ Kd8 18. Qg7 Bxc5 19. Qxf8+ Kc7 20. Ne8+ Kb6 21. Qxc5+ Qxc5 22. Nxc5 Kxc5 23. h3 Nxd3 24. hxg4 d5 25. Be3+ d4 26. Rd1 dxe3 27. Rxd3 e5 28. Rd8 e2+ 29. Ke1 1-0

[Event "Catalunya-ch U50"]
[Site "Santa Susanna"]
[Date "2022.05.16"]
[Round "2"]
[White "Ayllon Rodriguez, Joan Pedro"]
[Black "Parayre Soguero, Jordi"]
[Result "1-0"]
[WhiteElo "2067"]
[BlackElo "1836"]
[PlyCount "60"]
[EventDate "2022.05.15"]
[EventType "swiss"]
[EventRounds "8"]
[EventCountry "CAT"]
[SourceTitle "EXT 2023"]
[Source "ChessBase"]
[SourceDate "2022.10.05"]
[SourceVersion "1"]
[SourceVersionDate "2022.10.05"]
[SourceQuality "1"]

1. e4 c5 2. Nf3 e6 3. c3 Nf6 4. d3 d5 5. e5 Nfd7 6. d4 Nc6 7. Be2 Be7 8. 0-0 0-0 9. Re1 Qa5 10. Nbd2 c4 11. b4 cxb3 12. Nxb3 Qc7 13. Bd3 Na5 14. Nxa5 Qxa5 15. Bd2 Qa3 16. Qc2 h6 17. Rab1 Bd8 18. Rb3 Qe7 19. Bc1 Qe8 20. Qe2 Nb6 21. Bb1 f5 22. exf6 Rxf6 23. Ne5 Nc4 24. Ng4 e5 25. Nxf6+ Bxf6 26. dxe5 Qxe5 27. Qd1 Bg4 28. f3 Bxf3 29. gxf3 Qh5 30. Bf4 g5 1-0

[Event "Barcelona Sant Marti op 9th"]
[Site "Barcelona"]
[Date "2020.01.30"]
[Round "3"]
[White "Nadal Fajardo, Ricard"]
[Black "Parayre Soguero, Jordi"]
[Result "1-0"]
[WhiteElo "2195"]
[BlackElo "1890"]
[PlyCount "113"]
[EventDate "2020.01.16"]
[EventType "swiss"]
[EventRounds "9"]
[EventCountry "ESP"]
[SourceTitle "CBM 195 Extra"]
[Source "ChessBase"]
[SourceDate "2020.05.31"]
[SourceVersion "1"]
[SourceVersionDate "2020.05.31"]
[SourceQuality "1"]

1. Nf3 d5 2. b3 Bg4 3. Bb2 Bxf3 4. gxf3 Nf6 5. e3 Nbd7 6. d4 g6 7. c4 Bg7 8. f4 c6 9. Nc3 h5 10. Qc2 e6 11. h3 Rc8 12. c5 Ne4 13. Nxe4 dxe4 14. 0-0-0 Qh4 15. Kb1 0-0 16. Rh2 Nf6 17. Rg2 Kh7 18. Rg3 Rfd8 19. Bg2 Rd5 20. Bxe4 Nxe4 21. Qxe4 Rcd8 22. Rdg1 Qf6 23. Qc2 b6 24. cxb6 c5 25. bxa7 cxd4 26. Rg5 d3 27. Qd2 Rxg5 28. fxg5 Qf5 29. Bxg7 Kxg7 30. f4 Qe4 31. Rc1 Qb7 32. Rc3 Qxa7 33. Rxd3 Rc8 34. Rc3 Qb7 35. Rxc8 Qxc8 36. Kb2 Qb7 37. Qd4+ Kg8 38. e4 Qb5 39. Qe3 Qf1 40. a4 Qg2+ 41. Ka3 h4 42. Qd3 Qg3 43. Qf1 Qe3 44. a5 Qc5+ 45. b4 Qc3+ 46. Ka4 Qc2+ 47. Kb5 Qxe4 48. a6 Qd5+ 49. Kb6 Qd6+ 50. Ka5 Qc7+ 51. Ka4 Qc2+ 52. Kb5 Qf5+ 53. Kb6 e5 54. Qb5 Qc8 55. Qxe5 Qxh3 56. a7 Qg2 57. Qe8+ 1-0

[Event "Barcelona op 2nd"]
[Site "Barcelona"]
[Date "2019.11.14"]
[Round "8.2"]
[White "Cano Sevila, Ivan"]
[Black "Parayre Soguero, Jordi"]
[Result "0-1"]
[WhiteElo "2004"]
[BlackElo "1887"]
[PlyCount "54"]
[EventDate "2019.09.26"]
[EventType "swiss"]
[EventRounds "9"]
[EventCountry "ESP"]
[SourceTitle "EXT 2024"]
[Source "ChessBase"]
[SourceDate "2023.10.10"]
[SourceVersion "1"]
[SourceVersionDate "2023.10.10"]
[SourceQuality "1"]

1. d4 Nf6 2. Bf4 c5 3. d5 g6 4. Nc3 Bg7 5. e4 Qa5 6. Qd2 d6 7. f3 0-0 8. 0-0-0 b5 9. Kb1 b4 10. Nce2 Ba6 11. Bh6 Nbd7 12. h4 Ne5 13. h5 Nxe4 14. fxe4 Nc4 15. Qe1 Bxh6 16. hxg6 Bg7 17. Qh4 h6 18. Nf4 b3 19. cxb3 Nd2+ 20. Kc2 Nxf1 21. Nh5 Ne3+ 22. Kb1 Nxd1 23. Nf3 Nc3+ 24. Kc2 Bd3+ 25. Kxd3 Qb5+ 26. Ke3 Qe2+ 27. Kf4 fxg6+ 0-1

[Event "Barcelona op 2nd"]
[Site "Barcelona"]
[Date "2019.10.17"]
[Round "4.2"]
[White "Parayre Soguero, Jordi"]
[Black "Jose Iraeta, Alexandre"]
[Result "1/2-1/2"]
[WhiteElo "1887"]
[BlackElo "1959"]
[PlyCount "61"]
[EventDate "2019.09.26"]
[EventType "swiss"]
[EventRounds "9"]
[EventCountry "ESP"]
[SourceTitle "EXT 2024"]
[Source "ChessBase"]
[SourceDate "2023.10.10"]
[SourceVersion "1"]
[SourceVersionDate "2023.10.10"]
[SourceQuality "1"]

1. d4 d5 2. c4 c6 3. Nf3 Nf6 4. Qc2 Nbd7 5. cxd5 cxd5 6. Bf4 e6 7. e3 Bb4+ 8. Nbd2 Ne4 9. Bd3 Nxd2 10. Nxd2 Qe7 11. Rc1 Nb6 12. a3 Bd6 13. Bxd6 Qxd6 14. Qc7 Qxc7 15. Rxc7 Rf8 16. Ke2 Kd8 17. Rc2 Bd7 18. Rhc1 Rc8 19. b4 a6 20. Nf3 Rxc2+ 21. Rxc2 Ba4 22. Rc3 h6 23. Kd2 f6 24. Rc5 Bb3 25. Rc3 Bc4 26. Bc2 Bb5 27. Bb3 Kd7 28. Ne1 Rc8 29. Rxc8 Kxc8 30. Nd3 Bxd3 31. Kxd3 1/2-1/2

[Event "Barcelona op 2nd"]
[Site "Barcelona"]
[Date "2019.09.26"]
[Round "1.3"]
[White "Gonzalez Canovas, Sebastian"]
[Black "Parayre Soguero, Jordi"]
[Result "0-1"]
[WhiteElo "1587"]
[BlackElo "1887"]
[PlyCount "78"]
[EventDate "2019.09.26"]
[EventType "swiss"]
[EventRounds "9"]
[EventCountry "ESP"]
[SourceTitle "EXT 2024"]
[Source "ChessBase"]
[SourceDate "2023.10.10"]
[SourceVersion "1"]
[SourceVersionDate "2023.10.10"]
[SourceQuality "1"]

1. d4 d5 2. Bf4 Nf6 3. e3 c5 4. c3 Nc6 5. Nd2 Qb6 6. Qb3 c4 7. Qc2 g6 8. b3 Bf5 9. Qb2 Bg7 10. h3 0-0 11. g4 Bd3 12. Bxd3 cxd3 13. Qb1 e5 14. dxe5 Ne4 15. Qxd3 Nxe5 16. Bxe5 Bxe5 17. Ne2 Rfe8 18. Rc1 Rac8 19. Nxe4 dxe4 20. Qb1 Qa5 21. b4 Qb5 22. Nd4 Bxd4 23. exd4 e3 24. f3 Rc6 25. Qb2 Rec8 26. Rh2 Qd3 27. Rhc2 Rf6 28. Rd1 Qc4 29. Qb3 Qxb3 30. axb3 Rxf3 31. d5 Rxh3 32. Rd4 Re8 33. Rg2 e2 34. Rxe2 Rxe2+ 35. Kxe2 Rxc3 36. d6 Rc8 37. Rc4 Rd8 38. Rc7 Rxd6 39. Rxb7 Rb6 0-1

[Event "Barcelona Sant Marti op-B 21st"]
[Site "Barcelona"]
[Date "2019.07.17"]
[Round "5"]
[White "Parayre Soguero, Jordi"]
[Black "Asna, Abdeen"]
[Result "1/2-1/2"]
[WhiteElo "1948"]
[BlackElo "1326"]
[PlyCount "41"]
[EventDate "2019.07.13"]
[EventType "swiss"]
[EventRounds "9"]
[EventCountry "ESP"]
[SourceTitle "EXT 2020"]
[Source "ChessBase"]
[SourceDate "2019.10.17"]
[SourceVersion "1"]
[SourceVersionDate "2019.10.17"]
[SourceQuality "1"]

1. d4 d5 2. Nf3 e6 3. c4 c6 4. Nc3 f5 5. g3 Nf6 6. Bg2 Bd6 7. Bf4 0-0 8. Bxd6 Qxd6 9. Ne5 Nbd7 10. f4 Ne4 11. Nxe4 fxe4 12. 0-0 Nxe5 13. fxe5 Qe7 14. Qb3 b6 15. cxd5 cxd5 16. Rxf8+ Kxf8 17. Rf1+ Kg8 18. Qa4 Bd7 19. Qa6 Bc8 20. Qa4 Bd7 21. Qa6 1/2-1/2

[Event "Platja d'Aro op-B 7th"]
[Site "Platja d'Aro"]
[Date "2019.06.30"]
[Round "8"]
[White "Chekanov, Timur"]
[Black "Parayre Soguero, Jordi"]
[Result "1/2-1/2"]
[WhiteElo "1307"]
[BlackElo "1939"]
[PlyCount "67"]
[EventDate "2019.06.24"]
[EventType "swiss"]
[EventRounds "9"]
[EventCountry "ESP"]
[SourceTitle "CBM 191 Extra"]
[Source "ChessBase"]
[SourceDate "2019.09.30"]
[SourceVersion "1"]
[SourceVersionDate "2019.09.30"]
[SourceQuality "1"]

1. e4 e5 2. Nf3 Nc6 3. d4 exd4 4. Nxd4 Bc5 5. Nxc6 Qf6 6. Qf3 dxc6 7. Qxf6 Nxf6 8. Nc3 0-0 9. Bg5 Bd4 10. Bxf6 gxf6 11. Nd1 Re8 12. Bd3 f5 13. f3 fxe4 14. fxe4 Bf5 15. c3 Bb6 16. Nf2 Bxf2+ 17. Kxf2 Bxe4 18. Bxe4 Rxe4 19. Rhe1 Rae8 20. Rxe4 Rxe4 21. Rd1 Re6 22. Rd8+ Kg7 23. Rb8 c5 24. Rxb7 Rb6 25. Rxb6 cxb6 26. Kf3 Kg6 27. Kf4 Kf6 28. b4 cxb4 29. cxb4 b5 30. g4 Kg6 31. h4 h5 32. g5 f6 33. gxf6 Kxf6 34. a3 1/2-1/2

[Event "Barcelona La Lira op 12th"]
[Site "Barcelona"]
[Date "2019.05.23"]
[Round "7"]
[White "Guix Torres, David"]
[Black "Parayre Soguero, Jordi"]
[Result "1/2-1/2"]
[WhiteElo "1972"]
[BlackElo "1921"]
[PlyCount "77"]
[EventDate "2019.04.04"]
[EventType "swiss"]
[EventRounds "9"]
[EventCountry "ESP"]
[SourceTitle "CBM 190 Extra"]
[Source "ChessBase"]
[SourceDate "2019.07.15"]
[SourceVersion "1"]
[SourceVersionDate "2019.07.15"]
[SourceQuality "1"]

1. e4 e5 2. Nf3 Nc6 3. Bc4 Bc5 4. c3 Nf6 5. d4 exd4 6. cxd4 Bb4+ 7. Nc3 Nxe4 8. 0-0 Bxc3 9. d5 Ne5 10. bxc3 Nxc4 11. Qd4 0-0 12. Qxe4 Nd6 13. Qd3 b6 14. Bf4 Bb7 15. Ng5 f5 16. Rfe1 Qf6 17. Nf3 Ne4 18. Be5 Qg6 19. Rad1 d6 20. Bf4 Rae8 21. c4 Nc5 22. Qc2 Re4 23. Be3 Rfe8 24. Bxc5 bxc5 25. Qa4 f4 26. Qxa7 Rxe1+ 27. Rxe1 Rxe1+ 28. Nxe1 Qe8 29. Kf1 Qa8 30. Qxa8+ Bxa8 31. h4 c6 32. dxc6 Bxc6 33. Nd3 f3 34. gxf3 Bxf3 35. Ke1 Kf7 36. Kd2 Ke6 37. Ke3 Bc6 38. Kf4 Kf6 39. a3 1/2-1/2

[Event "Barcelona La Lira op 12th"]
[Site "Barcelona"]
[Date "2019.05.16"]
[Round "6"]
[White "Parayre Soguero, Jordi"]
[Black "Capellades Subirana, Marc"]
[Result "0-1"]
[WhiteElo "1921"]
[BlackElo "2193"]
[PlyCount "98"]
[EventDate "2019.04.04"]
[EventType "swiss"]
[EventRounds "9"]
[EventCountry "ESP"]
[SourceTitle "CBM 190 Extra"]
[Source "ChessBase"]
[SourceDate "2019.07.15"]
[SourceVersion "1"]
[SourceVersionDate "2019.07.15"]
[SourceQuality "1"]

1. e4 e5 2. Nf3 Nc6 3. Bb5 a6 4. Ba4 g6 5. Bxc6 dxc6 6. d3 Bg7 7. Be3 Ne7 8. Nc3 f5 9. exf5 Nxf5 10. Bg5 Qd7 11. 0-0 0-0 12. Re1 Qd6 13. Ne4 Qb4 14. Bd2 Qxb2 15. Bc3 Qb5 16. Rb1 Qd5 17. Bb4 Re8 18. d4 Be6 19. dxe5 Qxd1 20. Rbxd1 Bd5 21. Nf6+ Bxf6 22. exf6 Rxe1+ 23. Rxe1 Bxf3 24. gxf3 Kf7 25. Rd1 Ke6 26. Bc3 Re8 27. Kg2 Nd6 28. Kg3 Kf5 29. Rd4 g5 30. Bb4 Ke6 31. Kg4 Kxf6 32. Bxd6 h5+ 33. Kg3 cxd6 34. Rxd6+ Kf5 35. Rd7 Re2 36. Rf7+ Kg6 37. Rxb7 Rxc2 38. Rb6 a5 39. Ra6 h4+ 40. Kg2 Rc5 41. Ra8 Kf5 42. Rf8+ Ke5 43. Kh3 Rd5 44. f4+ gxf4 45. Kg4 c5 46. Rf5+ Kd4 47. Rxf4+ Kd3 48. Kxh4 Rd4 49. Kg5 Rxf4 0-1

[Event "Barcelona La Lira op 12th"]
[Site "Barcelona"]
[Date "2019.04.25"]
[Round "3"]
[White "Bieg Pagel, Clemens"]
[Black "Parayre Soguero, Jordi"]
[Result "1-0"]
[WhiteElo "1802"]
[BlackElo "1921"]
[PlyCount "37"]
[EventDate "2019.04.04"]
[EventType "swiss"]
[EventRounds "9"]
[EventCountry "ESP"]
[SourceTitle "CBM 190 Extra"]
[Source "ChessBase"]
[SourceDate "2019.07.15"]
[SourceVersion "1"]
[SourceVersionDate "2019.07.15"]
[SourceQuality "1"]

1. e4 c5 2. Nf3 d6 3. d4 cxd4 4. Nxd4 Nf6 5. Nc3 g6 6. f4 Bg7 7. e5 dxe5 8. fxe5 Nd5 9. Bb5+ Kf8 10. 0-0 Bxe5 11. Bh6+ Kg8 12. Nxd5 Qxd5 13. Nf5 Qc5+ 14. Kh1 Bd6 15. Nxd6 exd6 16. Qf3 f5 17. b4 Qxb5 18. Qc3 Qd7 19. Qf6 1-0

[Event "Barcelona Sant Marti op 8th"]
[Site "Barcelona"]
[Date "2019.03.07"]
[Round "8"]
[White "Bernat, Ernest"]
[Black "Parayre Soguero, Jordi"]
[Result "1/2-1/2"]
[WhiteElo "1877"]
[BlackElo "1828"]
[PlyCount "31"]
[EventDate "2019.01.17"]
[EventType "swiss"]
[EventRounds "9"]
[EventCountry "ESP"]
[SourceTitle "CBM 189 Extra"]
[Source "ChessBase"]
[SourceDate "2019.06.03"]
[SourceVersion "1"]
[SourceVersionDate "2019.06.03"]
[SourceQuality "1"]

1. e4 c5 2. c3 Nf6 3. e5 Nd5 4. d4 cxd4 5. cxd4 Nc6 6. Nc3 Nxc3 7. bxc3 d6 8. exd6 e6 9. Nf3 Bxd6 10. Bd3 Qa5 11. Bd2 Qh5 12. Ng5 Qxd1+ 13. Rxd1 h6 14. Ne4 Be7 15. 0-0 0-0 16. f4 1/2-1/2

[Event "Barcelona Sant Marti op 8th"]
[Site "Barcelona"]
[Date "2019.01.31"]
[Round "3"]
[White "Parayre Soguero, Jordi"]
[Black "Perez Pastora, Evaristo"]
[Result "0-1"]
[WhiteElo "1828"]
[BlackElo "2022"]
[PlyCount "72"]
[EventDate "2019.01.17"]
[EventType "swiss"]
[EventRounds "9"]
[EventCountry "ESP"]
[SourceTitle "CBM 189 Extra"]
[Source "ChessBase"]
[SourceDate "2019.06.03"]
[SourceVersion "1"]
[SourceVersionDate "2019.06.03"]
[SourceQuality "1"]

1. d4 Nf6 2. c4 e6 3. Nf3 d5 4. Nc3 a6 5. cxd5 exd5 6. Bg5 Be7 7. Qc2 0-0 8. e3 Be6 9. Bd3 Nbd7 10. 0-0 h6 11. Bh4 Rc8 12. Qb3 b5 13. a4 c5 14. Qd1 b4 15. Nb1 c4 16. Be2 a5 17. Nbd2 Bf5 18. Ne5 Nxe5 19. dxe5 Nd7 20. Bxe7 Qxe7 21. Nf3 Be4 22. Qd4 Rfe8 23. Qa7 Ra8 24. Qc7 Nxe5 25. Qxe7 Rxe7 26. Nxe5 Rxe5 27. Rfd1 Bc2 28. Rd4 b3 29. Bd1 c3 30. Bxc2 cxb2 31. Bh7+ Kxh7 32. Rb1 Rc8 33. Kf1 Rc2 34. Ke1 Re4 35. Rxd5 Rxa4 36. Rd2 Ra1 0-1

[Event "Barcelona Sant Marti op 8th"]
[Site "Barcelona"]
[Date "2019.01.24"]
[Round "2"]
[White "Molano Lafuente, Ismael"]
[Black "Parayre Soguero, Jordi"]
[Result "0-1"]
[WhiteElo "1935"]
[BlackElo "1828"]
[PlyCount "70"]
[EventDate "2019.01.17"]
[EventType "swiss"]
[EventRounds "9"]
[EventCountry "ESP"]
[SourceTitle "CBM 189 Extra"]
[Source "ChessBase"]
[SourceDate "2019.06.03"]
[SourceVersion "1"]
[SourceVersionDate "2019.06.03"]
[SourceQuality "1"]

1. Nc3 c5 2. Nf3 Nc6 3. d4 cxd4 4. Nxd4 Nf6 5. e4 d6 6. Bg5 Qb6 7. Nb3 Be6 8. Be3 Qd8 9. Be2 g6 10. f4 Bg7 11. 0-0 0-0 12. g4 Rc8 13. g5 Ne8 14. f5 Bd7 15. Rf3 Ne5 16. Rf4 Nc4 17. Bxc4 Rxc4 18. Qf1 b5 19. Nd2 Rxc3 20. bxc3 Bxc3 21. Rd1 Qa5 22. Nf3 Qxa2 23. Nh4 Bg7 24. f6 exf6 25. gxf6 Bh6 26. Rf3 Bxe3+ 27. Rxe3 Qxc2 28. Rdd3 b4 29. Qf4 Bb5 30. Rd5 Bc4 31. Rg5 Nxf6 32. Qxf6 Qc1+ 33. Kg2 Qxe3 34. Nf5 Qxe4+ 35. Kg3 Qe5+ 0-1

[Event "Barcelona Tres Peons-A 20th"]
[Site "Barcelona"]
[Date "2018.02.28"]
[Round "8.6"]
[White "Dominguez Rueda, Juan"]
[Black "Parayre Soguero, Jordi"]
[Result "1-0"]
[WhiteElo "2142"]
[BlackElo "1865"]
[PlyCount "53"]
[EventDate "2018.01.10"]
[EventType "swiss"]
[EventRounds "9"]
[EventCountry "ESP"]
[SourceTitle "EXT 2024"]
[Source "ChessBase"]
[SourceDate "2023.10.10"]
[SourceVersion "1"]
[SourceVersionDate "2023.10.10"]
[SourceQuality "1"]

1. e4 e6 2. d4 d5 3. Nc3 Bb4 4. e5 c5 5. a3 Bxc3+ 6. bxc3 Ne7 7. Qg4 0-0 8. Bd3 f5 9. Qh5 Nbc6 10. Nf3 Qa5 11. Bd2 c4 12. Be2 Qa4 13. Bd1 b5 14. Ng5 h6 15. Nh3 Bd7 16. 0-0 Rab8 17. Re1 a5 18. Bxh6 Be8 19. Qg5 Ng6 20. Bxg7 Kxg7 21. Nf4 Nd8 22. Nxg6 Bxg6 23. Bh5 Rb7 24. Bxg6 f4 25. Be8+ Kh8 26. Qxd8 Rg7 27. Bxb5 1-0

[Event "Barcelona Sant Marti op 7th"]
[Site "Barcelona"]
[Date "2018.01.18"]
[Round "2"]
[White "Capellades Subirana, Marc"]
[Black "Parayre Soguero, Jordi"]
[Result "1/2-1/2"]
[WhiteElo "2190"]
[BlackElo "1865"]
[PlyCount "45"]
[EventDate "2018.01.11"]
[EventType "swiss"]
[EventRounds "9"]
[EventCountry "ESP"]
[SourceTitle "EXT 2019"]
[Source "ChessBase"]
[SourceDate "2018.10.10"]
[SourceVersion "1"]
[SourceVersionDate "2018.10.10"]
[SourceQuality "1"]

1. e4 e5 2. Nf3 Nc6 3. Bc4 Bc5 4. b4 Bb6 5. c3 Nf6 6. d3 h6 7. 0-0 d6 8. a4 a6 9. Be3 Bxe3 10. fxe3 0-0 11. Qe1 Be6 12. Nbd2 Bxc4 13. dxc4 Qd7 14. Nh4 Ne7 15. h3 Qc6 16. Rxf6 gxf6 17. Qg3+ Kh7 18. Rf1 Rg8 19. Qe1 f5 20. exf5 f6 21. b5 axb5 22. axb5 Qe8 23. Ne4 1/2-1/2